[Event "Begonia op 45th"]
[Site "Ballarat"]
[Date "2011.03.12"]
[Round "1"]
[White "Beckman, John"]
[Black "Kildisas, Victor E"]
[Result "1-0"]
[WhiteElo "1722"]
[BlackElo "2033"]
[PlyCount "175"]
[EventDate "2011.03.12"]
[EventType "swiss"]
[EventRounds "7"]
[EventCountry "AUS"]
[SourceTitle "EXT 2019"]
[Source "ChessBase"]
[SourceDate "2018.10.10"]
[SourceVersion "1"]
[SourceVersionDate "2018.10.10"]
[SourceQuality "1"]

1. e4 Nc6 2. d4 d5 3. e5 f6 4. f4 Nh6 5. c3 Bg4 6. Be2 Bxe2 7. Qxe2 e6 8. Nf3 f5 9. Qb5 Qc8 10. h3 a6 11. Qe2 Be7 12. Be3 Qd7 13. b4 g6 14. a4 0-0 15. Nbd2 Nd8 16. Nb3 Ndf7 17. 0-0 c6 18. Nc5 Bxc5 19. bxc5 a5 20. Rfb1 Rfb8 21. Rb6 Kg7 22. Rab1 Ng8 23. Bf2 Ne7 24. Bh4 Nc8 25. Bf6+ Kg8 26. R6b3 b6 27. Qf2 b5 28. Qh4 Na7 29. Nd2 Rb7 30. Qe1 Rab8 31. axb5 cxb5 32. Qc1 a4 33. Ra3 Nc6 34. Kh2 Na5 35. Rb4 Qc6 36. Qd1 Nc4 37. Nxc4 dxc4 38. Qe2 Qd5 39. h4 Nh6 40. Ra1 Ng4+ 41. Kg3 Kf7 42. Rh1 h5 43. Bg5 Rc8 44. Rd1 Qe4 45. Qf3 a3 46. Ra1 Ne3 47. Qxe4 fxe4 48. f5 Nxf5+ 49. Kf4 Ra8 50. Kxe4 a2 51. Rb2 Ra3 52. Rc2 b4 53. cxb4 Rxb4 54. Raxa2 Rxa2 55. Rxa2 c3 56. Ra7+ Ke8 57. Ra8+ Kd7 58. Rd8+ Kc7 59. Kd3 c2 60. Kxc2 Rxd4 61. Rg8 Rg4 62. Rxg6 Rxg2+ 63. Kd3 Rg3+ 64. Kc4 Rg4+ 65. Kb5 Nd4+ 66. Ka6 Kc6 67. Rh6 Rg2 68. Bd8 Ra2+ 69. Ba5 Kd5 70. Kb6 Nc6 71. Bc3 Ra3 72. Be1 Rb3+ 73. Kc7 Re3 74. Bf2 Rxe5 75. Bg3 Rf5 76. Bd6 Nd4 77. Kb6 Nc2 78. Be7 Ne3 79. Rh8 Nc4+ 80. Kb7 Rf7 81. Rd8+ Ke4 82. Rd7 Ne5 83. c6 Nxd7 84. c7 Nc5+ 85. Kc6 Rxe7 86. c8Q Nd3 87. Kd6 Rg7 88. Qxe6+ 1-0

[Event "Begonia op 45th"]
[Site "Ballarat"]
[Date "2011.03.12"]
[Round "5"]
[White "Staak, Eric"]
[Black "Kildisas, Victor E"]
[Result "1-0"]
[WhiteElo "1714"]
[BlackElo "2033"]
[PlyCount "93"]
[EventDate "2011.03.12"]
[EventType "swiss"]
[EventRounds "7"]
[EventCountry "AUS"]
[SourceTitle "EXT 2019"]
[Source "ChessBase"]
[SourceDate "2018.10.10"]
[SourceVersion "1"]
[SourceVersionDate "2018.10.10"]
[SourceQuality "1"]

1. e4 Nc6 2. Nf3 e5 3. d3 Nf6 4. g3 d5 5. Nbd2 Bc5 6. Bg2 0-0 7. 0-0 Bg4 8. h3 dxe4 9. dxe4 Bxf3 10. Bxf3 Nd4 11. Bg2 Qe7 12. c3 Ne6 13. b4 Bb6 14. a4 a5 15. Nc4 Rad8 16. Qe2 axb4 17. Nxb6 cxb6 18. cxb4 Nd4 19. Qa2 Qxb4 20. Ba3 Qc3 21. Bxf8 Rxf8 22. Kh2 Rd8 23. Rac1 Nf3+ 24. Bxf3 Qxf3 25. Qd2 Qxg3+ 26. Kxg3 Nxe4+ 27. Kg2 Nxd2 28. Rfd1 g6 29. Rc2 Rd4 30. Rdxd2 Rxa4 31. Rd8+ Kg7 32. Rd7 Rf4 33. Rxb7 Rf6 34. Rcc7 h5 35. Re7 Rf5 36. Rxb6 h4 37. Rbe6 Rg5+ 38. Kf1 Kh6 39. Rxf7 Rh5 40. Re8 Rf5 41. Rxf5 gxf5 42. Rxe5 Kg5 43. Ra5 Kf4 44. Kg2 Ke4 45. Ra4+ Ke5 46. Rxh4 f4 47. Kf3 1-0

[Event "Victoria op"]
[Site "Melbourne"]
[Date "2008.06.07"]
[Round "2"]
[White "Kildisas, Victor E"]
[Black "Sandler, Leonid"]
[Result "0-1"]
[WhiteElo "1830"]
[BlackElo "2282"]
[PlyCount "114"]
[EventDate "2008.06.07"]
[EventType "swiss"]
[EventRounds "7"]
[EventCountry "AUS"]
[SourceTitle "EXT 2010"]
[Source "ChessBase"]
[SourceDate "2010.11.25"]
[SourceVersion "1"]
[SourceVersionDate "2010.11.25"]
[SourceQuality "1"]

1. d4 Nf6 2. c4 e6 3. Nc3 c5 4. d5 exd5 5. cxd5 d6 6. e4 g6 7. f4 Bg7 8. Bb5+ Nfd7 9. a4 0-0 10. Nf3 Nf6 11. 0-0 Bg4 12. Re1 a6 13. Bf1 Re8 14. h3 Bxf3 15. Qxf3 Nbd7 16. a5 Qc7 17. Bd2 Re7 18. g3 Ne8 19. Na4 Bd4+ 20. Kg2 Nef6 21. Bd3 Rae8 22. Bc2 b5 23. axb6 Nxb6 24. Ba5 Nfd7 25. Nxb6 Nxb6 26. Ba4 Rb8 27. Bc6 Qc8 28. Qd3 Nd7 29. Bc3 Bxc3 30. Qxc3 Rb4 31. Ra4 Nb8 32. Rxb4 cxb4 33. Qf6 Nxc6 34. dxc6 Re6 35. Qd4 Qxc6 36. Qxb4 Qc2+ 37. Kg1 Qd3 38. Qc3 Qxc3 39. bxc3 d5 40. e5 Rc6 41. Rc1 Rc4 42. Kf2 d4 43. Ke2 Rxc3 44. Rxc3 dxc3 45. Kd3 f6 46. exf6 Kf7 47. Kxc3 Kxf6 48. g4 Ke6 49. Kc4 Kd6 50. Kd4 a5 51. Kc4 a4 52. Kb4 Kd5 53. f5 gxf5 54. gxf5 Ke5 55. Kxa4 Kxf5 56. Kb5 Kf4 57. Kc4 Kg3 0-1

[Event "Australian Masters-B"]
[Site "Melbourne"]
[Date "2006.12.20"]
[Round "6"]
[White "Bekker, Gary"]
[Black "Kildisas, Victor E"]
[Result "0-1"]
[WhiteElo "1899"]
[BlackElo "2081"]
[PlyCount "66"]
[EventDate "2006.12.15"]
[EventType "tourn"]
[EventRounds "9"]
[EventCountry "AUS"]
[SourceTitle "EXT 2010"]
[Source "ChessBase"]
[SourceDate "2010.11.25"]
[SourceVersion "1"]
[SourceVersionDate "2010.11.25"]
[SourceQuality "1"]

1. d4 Nf6 2. c4 e6 3. Nc3 Bb4 4. Qc2 c5 5. a3 Bxc3+ 6. bxc3 Nc6 7. Bb2 d6 8. e4 e5 9. Bd3 Qa5 10. Qd2 Qc7 11. Ne2 b6 12. 0-0 Ba6 13. Qg5 Rg8 14. f4 0-0-0 15. Rad1 h6 16. Qf5+ Kb8 17. a4 Bc8 18. fxe5 Bxf5 19. exd6 Rxd6 20. Rxf5 g6 21. e5 gxf5 22. exd6 Qxd6 23. Bxf5 Ng4 24. Bxg4 Rxg4 25. Bc1 cxd4 26. g3 Qg6 27. cxd4 Qc2 28. Re1 Re4 29. Bf4+ Kb7 30. Kf1 Nxd4 31. Nxd4 Rxe1+ 32. Kxe1 Qc3+ 33. Ke2 Qxd4 0-1

[Event "Victoria-ch reserves"]
[Site "Melbourne"]
[Date "2006.10.31"]
[Round "11"]
[White "Kildisas, Victor E"]
[Black "Frost, Peter"]
[Result "1-0"]
[WhiteElo "1885"]
[BlackElo "1749"]
[PlyCount "107"]
[EventDate "2006.10.05"]
[EventType "tourn"]
[EventRounds "8"]
[EventCountry "AUS"]
[SourceTitle "EXT 2008"]
[Source "ChessBase"]
[SourceDate "2007.11.25"]
[SourceVersion "1"]
[SourceVersionDate "2007.11.25"]
[SourceQuality "1"]

1. d4 d5 2. c4 e6 3. Nc3 c5 4. cxd5 exd5 5. Nf3 Nc6 6. g3 Nf6 7. Bg2 Be7 8. 0-0 0-0 9. Bg5 cxd4 10. Nxd4 h6 11. Be3 Re8 12. Nxc6 bxc6 13. h3 Bd6 14. Bd4 Bf5 15. Rc1 Nh7 16. Na4 Qd7 17. h4 Nf8 18. Nc5 Bxc5 19. Bxc5 Rab8 20. b4 Be4 21. a3 Bxg2 22. Kxg2 Ng6 23. f3 Re6 24. h5 Ne5 25. e3 f5 26. Qd4 a6 27. Qf4 Qf7 28. Bd4 Rbe8 29. Bxe5 Rxe5 30. Rxc6 Rxe3 31. Rxa6 Re2+ 32. Rf2 Qxh5 33. Qh4 Qf7 34. Qd4 f4 35. Qxf4 Qe7 36. Qd4 Qg5 37. Rd6 Rxf2+ 38. Kxf2 Re2+ 39. Kxe2 Qe7+ 40. Kf2 Qxd6 41. a4 Qc6 42. a5 Qb5 43. g4 Kh7 44. f4 h5 45. g5 Qd7 46. a6 Qh3 47. a7 Qh2+ 48. Ke1 Qg3+ 49. Kd2 Qg2+ 50. Kc3 Qa2 51. g6+ Kh6 52. Kd3 Qb1+ 53. Ke2 Qc2+ 54. Qd2 1-0

[Event "Victoria Masters-B"]
[Site "Melbourne"]
[Date "2003.04.11"]
[Round "7"]
[White "Stojic, Dusan"]
[Black "Kildisas, Victor E"]
[Result "0-1"]
[WhiteElo "1997"]
[BlackElo "2051"]
[PlyCount "116"]
[EventDate "2003.04.??"]
[EventType "tourn"]
[EventRounds "7"]
[EventCountry "AUS"]
[SourceTitle "EXT 2005"]
[Source "ChessBase"]
[SourceDate "2004.11.15"]
[SourceVersion "1"]
[SourceVersionDate "2004.11.15"]
[SourceQuality "1"]

1. e4 e5 2. Nf3 Nc6 3. Bb5 a6 4. Ba4 Nf6 5. 0-0 Nxe4 6. d4 b5 7. Bb3 d5 8. dxe5 Be6 9. c3 Be7 10. Nbd2 Nc5 11. Bc2 Bg4 12. Re1 0-0 13. Nf1 Re8 14. h3 Bh5 15. Ng3 Bg6 16. Nd4 Nxd4 17. cxd4 Ne6 18. Be3 c5 19. dxc5 d4 20. Bd2 d3 21. Bb3 Nxc5 22. Bb4 a5 23. Bxc5 Bxc5 24. e6 fxe6 25. Rxe6 Rxe6 26. Bxe6+ Kh8 27. Bf5 Qd4 28. Bxg6 hxg6 29. Qd2 Rf8 30. Rf1 Bb4 31. Ne2 Qc4 32. Nc3 Bxc3 33. bxc3 Rc8 34. Rd1 Qxc3 35. Qxd3 Qxd3 36. Rxd3 Rc5 37. Rb3 Kg8 38. Kh2 b4 39. f3 Kf7 40. Kg3 Rc2 41. a4 Ra2 42. Rd3 Rxa4 43. Rd7+ Kf6 44. Rd6+ Kf5 45. Rd5+ Ke6 46. Rb5 Ra3 47. Kg4 b3 48. Kg5 a4 49. Kxg6 Ra2 50. g4 Rf2 51. Kxg7 b2 52. f4 a3 53. f5+ Kd7 54. f6 Rxf6 55. Kxf6 a2 56. Rxb2 a1Q 57. h4 Qxb2+ 58. Kg6 Qh8 0-1

[Event "Victoria Masters-B"]
[Site "Melbourne"]
[Date "2003.04.06"]
[Round "2"]
[White "Lee, Michelle"]
[Black "Kildisas, Victor E"]
[Result "1/2-1/2"]
[WhiteElo "1861"]
[BlackElo "2051"]
[PlyCount "189"]
[EventDate "2003.04.??"]
[EventType "tourn"]
[EventRounds "7"]
[EventCountry "AUS"]
[SourceTitle "EXT 2005"]
[Source "ChessBase"]
[SourceDate "2004.11.15"]
[SourceVersion "1"]
[SourceVersionDate "2004.11.15"]
[SourceQuality "1"]

1. e4 e5 2. Nf3 Nc6 3. Bc4 Bc5 4. d3 Nf6 5. Nc3 d6 6. Bg5 Be6 7. Nd5 Bxd5 8. Bxd5 h6 9. Bxf6 Qxf6 10. c3 0-0 11. 0-0 Nd8 12. d4 Bb6 13. Qd2 c6 14. Bb3 Ne6 15. Rad1 Rad8 16. Rfe1 Nf4 17. Qe3 g5 18. g3 Ng6 19. Re2 g4 20. Ne1 Kg7 21. Ng2 h5 22. Qd2 Rh8 23. Ne3 h4 24. Nf5+ Kf8 25. Qd3 Qg5 26. Red2 hxg3 27. hxg3 Qh5 28. Kf1 Qh1+ 29. Ke2 Qg2 30. Rf1 Rh3 31. Ne3 Qf3+ 32. Ke1 exd4 33. Nc4 Qxd3 34. Rxd3 Nf4 35. Rd2 dxc3 36. bxc3 Ng2+ 37. Ke2 Bc5 38. Rg1 Rh2 39. Kf1 b5 40. Nb2 Ne3+ 41. Ke1 Ba3 42. Ke2 Bxb2 43. Rxb2 Nc4 44. Bxc4 bxc4 45. Ke3 Re8 46. Kd4 Kg7 47. Re1 d5 48. Rbe2 Rxe4+ 49. Rxe4 dxe4 50. Rxe4 Rxf2 51. Rxg4+ Kf6 52. Kxc4 Rxa2 53. Kc5 Ra6 54. Rf4+ Ke7 55. Re4+ Kd7 56. Rf4 Ra5+ 57. Kb4 Rb5+ 58. Kc4 Ke7 59. Re4+ Kd6 60. Rf4 Rc5+ 61. Kd4 Rd5+ 62. Kc4 Ke6 63. Rh4 a5 64. Kb3 Rg5 65. Re4+ Kd6 66. Rf4 f5 67. Kb2 c5 68. Kb3 Ke5 69. Ra4 Rxg3 70. Rxa5 Kd5 71. Ra8 Rg6 72. Rf8 Rb6+ 73. Kc2 Ke4 74. Rc8 Rb5 75. c4 Ra5 76. Re8+ Kf3 77. Re5 f4 78. Rf5 Ke3 79. Rf8 f3 80. Re8+ Kf2 81. Kb2 Kf1 82. Rf8 f2 83. Rf5 Ra8 84. Kc2 Rg8 85. Rxc5 Kg2 86. Rf5 f1Q 87. Rxf1 Kxf1 88. Kd3 Kf2 89. Kd4 Rd8+ 90. Ke5 Ke3 91. c5 Kd3 92. c6 Kc4 93. c7 Rh8 94. Kd6 Kb5 95. Kd7 1/2-1/2